El desarrollo personal y profesional mediante el aprendizaje reflexivo : (Record no. 177356)

MARC details
000 -CABECERA
campo de control de longitud fija 02901cab a2200337 ab4500
005 - FECHA Y HORA DE LA ÚLTIMA TRANSACCIÓN
campo de control 20250411063836.0
008 - ELEMENTOS DE LONGITUD FIJA--INFORMACIÓN GENERAL
campo de control de longitud fija 991125c2014 sp qr p o 000 0 spa d
035 ## - NÚMERO DE CONTROL DEL SISTEMA
Número de control de sistema UPN01000205255
040 ## - FUENTE DE LA CATALOGACIÓN
Centro catalogador/agencia de origen MX-MxUPN
Lengua de catalogación spa
Centro/agencia transcriptor MX-MxUPN
Normas de descripción aacr2
049 ## - COLECCIÓN
Colección ART-E
100 1# - ASIENTO PRINCIPAL--NOMBRE PERSONAL
Nombre de persona Fullana Noell, Judit
100 1# - ASIENTO PRINCIPAL--NOMBRE PERSONAL
Filiación judit.fullana@udg.edu
100 1# - ASIENTO PRINCIPAL--NOMBRE PERSONAL
Nombre de persona Pallisera Díaz, María
100 1# - ASIENTO PRINCIPAL--NOMBRE PERSONAL
Filiación maria.pallisera@udg.edu
100 1# - ASIENTO PRINCIPAL--NOMBRE PERSONAL
Nombre de persona Palaudarias Martí, Josep Miquel
100 1# - ASIENTO PRINCIPAL--NOMBRE PERSONAL
Filiación josep.palaudarias@udg.edu
100 1# - ASIENTO PRINCIPAL--NOMBRE PERSONAL
Nombre de persona Badosa Queirós, Mercé
100 1# - ASIENTO PRINCIPAL--NOMBRE PERSONAL
Filiación merce.badosa@udg.edu
245 13 - MENCIÓN DE TÍTULO
Título El desarrollo personal y profesional mediante el aprendizaje reflexivo :
Resto del título una experiencia en el grado de Educacion social
Medio [recurso electrónico en línea]
506 0# - NOTA DE RESTRICCIONES AL ACCESO
Limitaciones de acceso Acceso abierto
520 3# - NOTA DE RESUMEN, ETC.
Sumario, etc. En los últimos años se observa un aumento del interés por desarrollar prácticas docentes universitarias basadas en el enfoque del aprendizaje reflexivo. Sin embargo, apenas encontramos en nuestro contexto investigaciones o experiencias que permitan conocer cuál es la percepción que los estudiantes tienen de este enfoque de enseñanza y aprendizaje. En el grado de Educación Social de la Universidad de Girona se ha desarrollado una experiencia docente que tiene como objetivo contribuir al desarrollo personal y profesional de los futuros educadores sociales desde la formación inicial, empleando la metodología del aprendizaje reflexivo. El objetivo de este artículo es presentar la valoración de la experiencia a partir de las percepciones de los estudiantes, quienes valoran la utilidad percibida del módulo para su formación, la metodología utilizada y las actividades. La valoración se realiza a través de entrevistas en profundidad a una muestra de 17 estudiantes que participaron en la experiencia durante el curso 2011-12. El trabajo permite concluir que los estudiantes valoran de forma positiva la experiencia, tanto su utilidad general como la metodología del aprendizaje reflexivo, aunque reconocen cierta dificultad para llevar a cabo un proceso que implica un alto grado de introspección y de establecer los límites en la narración de cuestiones personales. Del estudio también se derivan algunos retos relacionados con la necesidad, pero también dificultad, de incorporar el desarrollo profesional y personal como eje potente del plan de estudios y aspectos relacionados con la evaluación del aprendizaje reflexivo.
650 #7 - ASIENTO SECUNDARIO DE MATERIA - TERMINO TEMATICO
9 (RLIN) 465
Término de materia o nombre geográfico como elemento de entrada Aprendizaje reflexivo
650 #4 - ASIENTO SECUNDARIO DE MATERIA - TERMINO TEMATICO
Término de materia o nombre geográfico como elemento de entrada Desarrollo profesional
9 (RLIN) 12865
650 #2 - ASIENTO SECUNDARIO DE MATERIA - TERMINO TEMATICO
9 (RLIN) 4106
Término de materia o nombre geográfico como elemento de entrada AUTORREALIZACION (PSICOLOGIA)
650 #4 - ASIENTO SECUNDARIO DE MATERIA - TERMINO TEMATICO
Término de materia o nombre geográfico como elemento de entrada Formación profesional
9 (RLIN) 9108
773 ## - ENLACE AL DOCUMENTO FUENTE/ENTRADA DE REGISTRO ANFITRIÓN
Parte(s) relacionada(s) Vol. 12, no. 1 (2014), p. 373-397
Título REDU: revista de docencia universitaria
Número Internacional Normalizado para Publicaciones Seriadas 1887-4592
856 4# - LOCALIZACIÓN Y ACCESO ELECTRÓNICOS
Identificador Uniforme del Recurso <a href="https://polipapers.upv.es/index.php/REDU/article/view/6413">https://polipapers.upv.es/index.php/REDU/article/view/6413</a>
902 ## - ELEMENTOS DE DATOS B LOCAL, LDB (RLIN)
Creó Leonor Sotres
Modificó Leonor Sotres/241022/M
905 ## - TIPO DE MATERIAL
Tipo de material Articulo
942 ## - ELEMENTOS DE PUNTO DE ACCESO ADICIONAL (KOHA)
Tipo de ítem Koha Artículo Electrónico
Holdings
Estado de retiro Estado de pérdida Estado dañado No para préstamo Código de colección Localización permanente Ubicación/localización actual Ubicación en estantería Fecha de adquisición Total de préstamos Fecha visto por última vez Identificador Uniforme del Recurso Precio válido a partir de Tipo de ítem Koha
        Acceso abierto Bib. Gregorio Torres Quintero Bib. Gregorio Torres Quintero En línea 24/10/2022   24/10/2022 https://polipapers.upv.es/index.php/REDU/article/view/6413 24/10/2022 Artículo Electrónico